Gaming Quiz

Random Gaming or Mario Quiz

New Super Mario Bros. Wii Quiz Stats

 Plays Quiz not verified by Sporcle

Challenge
Share
Tweet
Embed
Score 0/8 Timer 03:00
0 Plays Today
World % Correct
World 2Desert
89.7%
World 3Ice
84%
World 8Lava
82.2%
World 7Sky
74%
World 1Grassland
68.3%
World 6Mountain
64.8%
World 5Jungle
64.4%
World 4Tropical
64.1%

You're not logged in!

Compare scores with friends on all Sporcle quizzes.
Join for Free
OR
Log In

You Might Also Like...

Show Comments

Extras

Top Quizzes Today


Score Distribution

Your Account Isn't Verified!

In order to create a playlist on Sporcle, you need to verify the email address you used during registration. Go to your Sporcle Settings to finish the process.

Report this User

Report this user for behavior that violates our Community Guidelines.

Details: